Y siempre después del viento /

Guardado en:
Autor Principal: Mujica, Hugo
Formato: Libro
Publicado: Buenos Aires : Continente, 2014
Materias:
Etiquetas: Agregar Etiqueta
Sin Etiquetas, Sea el primero en etiquetar este registro!
LEADER 00796nam a22002535a 4500
001 CEM.cems018430
008 130507s2014##################000#0#####d
005 20220214182852.0
003 CEMS
245 1 0 |a Y siempre después del viento /  |c Hugo Mujica 
260 |a Buenos Aires :  |b Continente,  |c 2014 
300 |a 76 p. 
020 |a 9789507544675 
100 1 |a Mujica, Hugo 
082 0 4 |a A861.4 
653 |a Literatura 
653 |a Literatura argentina 
653 |a Poesía argentina 
653 |a Poesías 
653 |a Biblioteca Juan Gelman 
653 |a Colección Juan Gelman 
859 |a CEMS  |b BIB. CEMS - Agricultura  |h A861.4  |i M896  |p A2244.15  |t Ej.1 
859 |a CEMS  |b BIB. CEMS - 11 de abril  |h A861.4  |i M897  |p 27439.18  |t Ej.1 
859 |a CEMS  |b BIB. CEMS - 11 de abril  |h A861.4  |i M897  |p 27763.19  |t Ej.2